000 03413cam a2200697 i 4500
001 on1082460685
003 OCoLC
005 20251205021258.0
008 191118s2019 nyuab j 000 1 eng d
010 _a 2019286930
020 _a9780425292112
_q(hardcover)
020 _a0425292118
_q(hardcover)
020 _a9780593117095
_q(B & N exclusive edition)
020 _a0593117093
_q(B & N exclusive edition)
020 _a9781338609783
_qhardback ;
_qScholastic)
037 _bPenguin Group USA, Order Processing Dept 120 Woodbine st, Bergenfield, NJ, USA, 07621
_nSAN 201-3975
040 _aYDX
_beng
_erda
_cDLC
_dOCLCO
_dLMJ
_dBDX
_dZP7
_dOCLCF
_dOCLCQ
_dCNWPU
_dVZCPP
_dLML
_dOCLCA
_dATXTM
_dTXSVP
_dCHILD
_dKJ6
_dSOM
_dZGR
_dUtOrBLW
042 _alccopycat
050 0 0 _aPZ7.B7356
_bLav 2019
082 0 4 _a[Fic]
_223
092 _aJ BRALLIER
100 1 _aBrallier, Max,
_eauthor.
245 1 4 _aThe last kids on Earth and the midnight blade /
_cMax Brallier & Douglas Holgate.
246 3 0 _aMidnight blade.
264 1 _aNew York :
_bViking,
_c2019.
264 4 _c℗♭2019.
300 _a288 pages :
_billustrations, maps ;
_c22 cm.
336 _atext
_btxt
_2rdacontent.
336 _astill image
_bsti
_2rdacontent.
337 _aunmediated
_bn
_2rdamedia.
338 _avolume
_bnc
_2rdacarrier.
340 _2rdaill.
490 1 _aThe last kids on Earth ;
_v5.
500 _aSeries from title page; number from spine.
500 _a"5"--Spine.
500 _a"Netflix. A Netflix original series"--Cover.
520 _aSurviving their first winter after the Monster Apocalypse was no easy feat, yet Jack and his buddies waste no time springing to action against some of the nastiest, most evil monsters around. When Jack discovers his Louisville Slicer has new, otherworldly powers, he's thrown into epic training to find out what kind of destruction the blade can wield. But between fighting off zombies, fleeing from strange, glowy Vine-Thingies erupting from the ground, and squeezing in a video game session or two, there's barely time left to figure out what's wrong with their buddy, Dirk, who's been acting weird any time he's around the undead. When an unexpected villain appears, can Jack and his friends save themselves--and the rest of the world--from cosmic domination?
521 8 _aHL600L
_bLexile.
521 3 _aDecoding demand: 92 (very high)
_aSemantic demand: 100 (very high)
_aSyntactic demand: 84 (very high)
_aStructure demand: 90 (very high)
_bLexile.
526 0 _aAccelerated Reader AR
_bMG
_c4.3
_d4.0
_zAccelerated Reader Quiz #504189.
526 0 _aReading Counts
_b3-5
_c4.4
_d9
_z77650.
526 0 _aLexile
_c600L.
526 0 _aAccelerated Reader AR
_bMG
_c4.3
_d4
_z504189.
526 0 _aAccelerated Reader
_bMG
_c4.3
_d4
_z504189.
650 0 _aMonsters
_vJuvenile fiction.
650 0 _aZombies
_vJuvenile fiction.
650 0 _aSupervillains
_vJuvenile fiction.
650 0 _aWeapons
_vJuvenile fiction.
650 0 _aSurvival
_vJuvenile fiction.
650 1 _aMonsters
_vFiction.
650 1 _aZombies
_vFiction.
650 1 _aSupervillains
_vFiction.
650 1 _aWeapons
_vFiction.
650 1 _aHumorous stories.
655 0 _aChildren's stories.
655 7 _aHorror fiction.
_2lcgft.
655 7 _aHumorous fiction.
_2lcgft.
700 1 _aHolgate, Douglas,
_eillustrator.
800 1 _aBrallier, Max.
_tLast kids on Earth ;
_v5.
942 _2ddc
_cBK
999 _c31356
_d31354